| 000 | 00736cam a22002534a 4500 | ||
|---|---|---|---|
| 003 | UPN | ||
| 005 | 20230421063521.0 | ||
| 008 | 040907s1997 es r 000 1 spa d | ||
| 020 | _a8433908456 | ||
| 035 | _aUPN01000134565 | ||
| 040 |
_aUPN _bspa _cUPN |
||
| 049 | _aCG | ||
| 050 | 4 |
_aPQ2664 A7.214 _bM3.7 |
|
| 100 | 1 |
_aDarrieussecq, Marie, _d1969- _943403 |
|
| 245 | 1 | 0 |
_aMarranadas / _cMarie Darrieussecq ; tr. Javier Albiñana. |
| 260 |
_aBarcelona, Esp. : _bAnagrama, _c1997. |
||
| 300 | _a146 p. | ||
| 490 | 0 |
_aPanorama de narrativas ; _v375 |
|
| 534 |
_pTraducción de: _tTruismes |
||
| 650 | 4 |
_aNovela francesa _ySiglo XX _914816 |
|
| 650 | 2 |
_aLiteratura francesa _ySiglo XX _919804 |
|
| 905 | _aLibro | ||
| 942 |
_2lcc _cLIBRO |
||
| 999 |
_c106716 _d106716 |
||